000 01054cam a2200289 a 4500
001 11772369
003 OSt
005 20240710151643.0
008 990803s1998 tz b 001 0 eng
010 _a 99232985
020 _a9987626025 (Tanzania)
020 _a1899825851 (UK)
035 _a(DLC) 99232985
040 _aDLC
_cMUST
_dDLC
043 _af-tz---
082 _a340 S31n 1998
100 1 _aShivji, Issa G.
_97474
245 1 0 _aNot yet democracy :
_breforming land tenure in Tanzania /
_cIssa G. Shivji.
260 _aDar es Salaam :
_bIIED/HAKIARDHI/Faculty of Law, University of Dar es Salaam,
_c1998.
300 _axii, 132 p. ;
_c22 cm.
504 _aIncludes bibliographical references (p. 119-124) and index.
650 0 _aLand reform
_zTanzania.
_918664
650 0 _aDemocracy
_zTanzania.
_918665
906 _a7
_bcbc
_corignew
_d3
_encip
_f19
_gy-gencatlg
942 _2ddc
_cO_SHELF
999 _c9153
_d9153